=LDR 00000nam 2200000 4500 =001 INLIS000000000000267 =005 20230116114350 =035 ##$$a 0010-061300000000267 =008 230116################g##########0#ind## =041 ##$$a Ind =082 ##$$a 174.4 =090 ##$$a 650.1 Isw b =100 ##$$a Iswandi =245 1#$$a Bisnis militer orde baru : $b Keterlibatan ABRI dalam bidang ekonomi dan pengaruhnya terhadap pembentukan rezim otoriter /$c Iswandi =260 ##$$a Bandung :$b Remaja Rosdakarya,$c 1998 =300 ##$$a xxviii, 338 hlm. : $b ilus. ; $c 15 x 21 cm =650 #4$$a Bisnis =850 ##$$a NBPNMAT =020 ##$$a 979-514-787-0 =084 ##$$a 174.4 ISW b =250 ##$$a Cet. 1 =990 ##$$a DW99005688 =990 ##$$a DW9905689 =990 ##$$a 16440 =990 ##$$a 16441 =990 ##$$a 40601005 =990 ##$$a 40601005 =990 ##$$a DW99005688 =990 ##$$a DW9905689 =990 ##$$a 16440 =990 ##$$a 16441